| 000 | nam a22 a 4500 | ||
|---|---|---|---|
| 999 |
_c3825 _d3825 |
||
| 005 | 20170524092051.0 | ||
| 008 | 170524b1984 - ||||| |||| 00| 0 eng d | ||
| 020 | _a0931250463 | ||
| 040 | _aAKMAL | ||
| 082 | _a796.93 SHA | ||
| 090 |
_a796.63 _bSHA |
||
| 245 |
_aTRAINING FOR CROSS-COUNTRY SKI RACING _cBRIAN J. SHARKEY |
||
| 260 |
_aUNITED STATES OF AMERICA _bHUMAN KINETICS PUBLISHES, INC. _c1984 |
||
| 300 |
_a210pg,; _c20 cm |
||
| 650 |
_aCROSS-COUNTRY _97563 |
||
| 942 |
_2ddc _cBOOK |
||